Online
Catalog
Normal view MARC view

Entry Nombre personal

Number of records used in: 3

001 - NÚMERO DE CONTROL

  • campo de control: 81964

003 - IDENTIFICADOR DEL NÚMERO DE CONTROL

  • campo de control: BNPHU

005 - FECHA Y HORA DE LA ÚLTIMA TRANSACCIÓN

  • campo de control: 20240304144452.0

008 - DATOS DE LONGITUD FIJA

  • campo de control de longitud fija: 220707|| aca||aabn | a|a d

040 ## - FUENTE DE LA CATALOGACIÓN

  • Centro catalogador/agencia de origen: DO-SdBNP
  • Lengua de catalogación: spa
  • Centro/agencia transcriptor: BNPHU
  • Normas de descripción: rda

100 1# - ENCABEZAMIENTO-NOMBRE DE PERSONA

  • Nombre de persona: Concepción y García, Js. Gilberto,
  • Forma completa/desarrollada del nombre: (Jesús Gilberto)

370 ## - LUGAR ASOCIADO

  • Lugar de nacimiento: La Vega (República Dominicana)

375 ## - GÉNERO/SEXO

  • Género/Sexo: Masculino

377 ## - LENGUA/LENGUAJE ASOCIADO

  • Código del idioma: spa

400 1# - TRAZADO DE VÉASE--NOMBRE DE PERSONA

  • Nombre de persona: García, Js. Gilberto Concepción y
  • Forma completa/desarrollada del nombre: (Jesús Gilberto Concepción)

400 1# - TRAZADO DE VÉASE--NOMBRE DE PERSONA

  • Nombre de persona: Concepción y García, Jesús Gilberto

670 ## - FUENTE DE DATOS ENCONTRADOS

  • Cita de la fuente: Work cat.: (DO-SdBNP)52158: Concepción y García, Js Gilberto (Jesús Gilberto), Simplemente calidad. /, 1996

Powered by Koha